000
00315nam a22001457a 4500
008
210528b ||||| |||| 00| 0 eng d
020
_a
9780407002982
041
_a
eng
080
_a
338
082
_a
338
100
_a
54
101
_a
MEN
245
_a
Anaesthetic Management
_c
Harrison,M.J
942
_2
udc
_c
BK
999
_c
57792
_d
57792